Plec de prescripcions tècniques per a la construcció d'equipaments sostenibles / [autor: Eloi Juvillà i Ballester] Eloi Juvillà i Ballester]
ISBN:
84-9803-117-6
Publicado:
Barcelona :
Diputació de Barcelona. Àrea d'Infraestructures, Urbanisme i Habitatge ,
2006
Descripción Física:
52 p. : taules ; 30 cm
Colección:
Plecs (Barcelona (Província). Diputació) ; 6
MARC
| LEADER | 00000nam a2200000Ia 4500 | ||
|---|---|---|---|
| 001 | 17871 | ||
| 008 | 160829s2006 xx 000 0 cat d | ||
| 020 | |a 84-9803-117-6 | ||
| 080 | |a C-2-457 | ||
| 100 | 1 | |a Juvillà Ballester, Eloi |9 1949 | |
| 245 | |a Plec de prescripcions tècniques per a la construcció d'equipaments sostenibles / [autor: |b Eloi Juvillà i Ballester] | ||
| 260 | |a Barcelona : |b Diputació de Barcelona. Àrea d'Infraestructures, Urbanisme i Habitatge, |c 2006 | ||
| 300 | |a 52 p. : |b taules ; |c 30 cm | ||
| 490 | |a Plecs (Barcelona (Província). Diputació) ; 6 | ||
| 650 | |a Desenvolupament sostenible |x Projectes i construcció |9 22701 | ||
| 710 | |a Barcelona (Catalunya : Província). |b Àrea d'Infraestructures, Urbanisme i Habitatge |9 13533 | ||
| 901 | |a Arxiu | ||
| 942 | |n 1 | ||
| 952 | |0 0 |1 0 |4 0 |6 C2457 |7 1 |9 42298 |a Arxiu |b Arxiu |d 2016-12-01 |l 0 |o C-2-457 |p 17871 |r 2016-12-01 00:00:00 |w 2016-12-01 |y ARXIU | ||
| 999 | |c 44776 |d 44776 | ||